MARC

LEADER 00000nam0a2200000 4500
001 351484
005 20231102010416.0
035 |a (RuTPU)RU\TPU\retro\6533 
090 |a 351484 
100 |a 20190606d1962 m y0rusy50 ca 
101 0 |a rus 
102 |a RU  |a UA 
105 |a a j 001zy 
200 1 |a Детали машин  |e учебник для втузов  |f В. А. Добровольский [и др.] 
205 |a 6-е изд., доп. 
210 |a Москва  |a Киев  |c Машгиз  |d 1962 
215 |a 604 с.  |c ил. 
317 |5 63413507: КР-6571  |a Поступила в НТБ в 1987 г. в дар от вдовы ученого Е. К. Завадовской 
320 |a Библиография в конце глав 
606 1 |a Детали машин  |2 stltpush  |3 (RuTPU)RU\TPU\subj\9144  |9 36422 
610 1 |a проектирование 
610 1 |a соединения 
610 1 |a передачи 
610 1 |a валы 
610 1 |a оси 
610 1 |a опоры 
610 1 |a муфты 
610 1 |a пружины 
610 1 |a корпусные детали 
610 1 |a учебники 
610 1 |a библиотека А. А. Воробьева 
675 |a 621.81(075.8)  |v 4 
701 1 |a Добровольский  |b В. А.  |g Виктор Афанасьевич 
701 1 |a Заблонский  |b К. И.  |g Константин Иванович 
701 1 |a Мак  |b С. Л.  |g Соломон Львович 
701 1 |a Радчик  |b А. С.  |g Александр Семенович 
701 1 |a Эрлих  |b Л. Б.  |g Лазарь Борисович 
801 1 |a RU  |b 63413507  |c 20190606 
801 2 |a RU  |b 63413507  |c 20200110  |g RCR 
942 |c BK